Materiales y procesos de fabricación

Bibliographic Details
Main Author: Moore, Harry
Format: Section = Libro
Language:Undetermined
Spanish
Published: México Limusa 1987
Subjects:
LEADER 00514nam a2200193Ia 4500
008 240829s9999 xx 000 0 und d
020 |a 968-18-1973-X 
040 |a BIBLIOTECA-RUPAP 668.42 M821 
041 |a spa 
082 |a 668.42 M821 
100 1 |a Moore, Harry  
245 1 0 |a Materiales y procesos de fabricación 
260 |a México  |b Limusa  |c 1987 
300 |a 920 p. :il. 
650 7 |a MATERIALES 
650 7 |b  PLASTICOS. I. Kibbey, Donald, coaut. II. Tít. 
942 |c BK  |2 ddc 
991 |a TEXTO 
999 |c 10238